000 00643cam a22002057a 4500
001 000018623
005 20200929165830.0
008 850927t19801965pr a j 000 0 eng
040 _aDO-SdBNP
_cDLC
_dDLC
_dBNPHU
082 _aPR863.44
_bD542y
100 1 _aDiaz Montero, Anibal.
_99833
245 1 0 _aYoung Peter and his friends /
_cby Anibal Diaz Montero.
250 _a3a ed.
260 _aSanturce, Puerto Rico :
_bEditorial Diaz Mont,
_c1980.
300 _a121 p. :
_bil. ;
_c22 cm.
650 4 _aCuentos puertorriqueños
_9249
650 4 _aLiteratura puertorriqueña
_9250
910 _aCatalogación por derivada / LC
049 _aBNGR
999 _c18143
_d18143